Elements of zoology. (Record no. 25475)

MARC details
000 -LEADER
fixed length control field 00310nam a2200133Ia 4500
082 ## - DEWEY DECIMAL CLASSIFICATION NUMBER
Classification number 059
Item number STO
100 ## - MAIN ENTRY--AUTHOR NAME
Personal name STORER, Tracy I
245 #0 - TITLE STATEMENT
Title Elements of zoology.
250 ## - EDITION STATEMENT
Edition statement Ed.4
260 ## - PUBLICATION, DISTRIBUTION, ETC. (IMPRINT)
Place of publication New York
Name of publisher Mcgraw Hill
Year of publication 1977
650 ## - SUBJECT ADDED ENTRY--TOPICAL TERM
Topical Term Zoology
942 ## - ADDED ENTRY ELEMENTS (KOHA)
Koha item type Books
Holdings
Withdrawn status Lost status Damaged status Not for loan Home library Current library Date acquired Full call number Accession Number Koha item type
        RRII Library RRII Library 16/12/2021 059 STO 06133 Books